000
00321nam a22001457a 4500
003
SGT
082
_a
BAN 530
100
_a
BANERJI, SRIRAJAN
245
_a
THE SPECIAL THEORY OF RELATIVITY
250
_a
1ST
260
_a
NEW DELHI
_b
PHI
_c
2016
300
_a
230
650
_a
PHYSICS, RELATIVITY
942
_2
ddc
_c
FPS
_0
4
999
_c
10093
_d
10093